Top 500 Girls Names in USA (2023) - Statistics

General Stats
  • This quiz has been taken 174 times
  • The average score is 226 of 500
Answer Stats
Hint Answer % Correct
A Alivia
98%
O Olivia
98%
A Ana
93%
A Arya
90%
I Isabel
89%
I Isabelle
89%
E Emma
88%
E Eliza
87%
A Anna
86%
E Elizabeth
86%
I Isabella
86%
I Izabella
86%
A Ari
84%
E Emely
84%
C Charlotte
83%
E Ella
83%
E Elle
83%
E Emilia
83%
E Emily
83%
M Mary
83%
A Aria
82%
C Chloe
82%
K Khloe
82%
A Amelia
81%
L Leah
81%
L Lia
81%
M Mia
81%
S Sofia
81%
S Sophia
81%
Z Zoe
81%
Z Zoey
81%
L Lilly
80%
L Lily
80%
A Ava
79%
S Sara
79%
S Sarah
79%
A Arianna
78%
C Catherine
78%
E Eva
78%
K Katherine
78%
V Victoria
78%
G Grace
77%
M Maria
77%
R Rose
77%
H Hannah
76%
L Lucy
76%
M Maddison
76%
M Madison
76%
A Alice
75%
A Amy
74%
E Evelyn
74%
N Nora
74%
N Norah
74%
A Alexandra
72%
L Lillian
72%
V Violet
72%
E Evelynn
71%
L Lilah
71%
R Rachel
71%
A Abigail
70%
A Alison
70%
A Ashley
70%
L Laura
70%
P Penelope
70%
A Allison
69%
E Ellie
69%
S Samantha
69%
A Alexis
68%
A Audrey
68%
A Avery
68%
B Bella
68%
L Laila
68%
L Leila
68%
M Molly
68%
M Mya
68%
S Sophie
68%
A Aubree
67%
A Aubrey
67%
J Julia
67%
G Gracie
66%
J Jane
66%
L Lauren
66%
M Millie
66%
A Annie
65%
A Ariana
65%
H Harper
65%
N Natalie
65%
D Diana
64%
E Elena
64%
M Madelynn
64%
R Rebecca
64%
R Rosie
64%
A Angela
63%
A Annabelle
63%
C Caroline
63%
D Daisy
63%
E Eleanor
63%
L Lyla
63%
R Ruby
63%
A Addison
62%
C Camila
62%
C Camilla
62%
C Claire
62%
E Elisa
62%
E Esther
62%
K Kamila
62%
L Luna
62%
M Melissa
62%
C Clara
61%
G Gia
61%
K Kate
61%
K Kimberly
61%
M Maia
61%
N Nicole
61%
O Olive
61%
V Vanessa
61%
C Charlie
60%
C Cora
60%
G Gabriela
60%
G Gabriella
60%
L Layla
60%
L Lola
60%
M Margaret
60%
R Riley
60%
R Ryleigh
60%
S Scarlet
60%
S Scarlett
60%
W Willow
60%
A Adaline
59%
G Gianna
59%
I Isla
59%
K Kayla
59%
K Kylie
59%
M Maggie
59%
M Maya
59%
M Mila
59%
M Myla
59%
M Mylah
59%
S Stella
59%
A Alicia
58%
A Angelina
58%
J Jasmine
58%
L Lena
58%
P Phoebe
58%
T Taylor
58%
D Danielle
57%
E Evie
57%
H Helen
57%
J Jade
57%
M Michelle
57%
C Charlee
56%
C Charli
56%
E Everleigh
56%
J Josephine
56%
V Vivian
56%
A Aaliyah
55%
I Iris
55%
I Ivy
55%
J Juliet
55%
J Juliette
55%
L Lucia
55%
L Lydia
55%
M Madeleine
55%
M Madeline
55%
A Andrea
54%
B Brooklyn
54%
B Brooklynn
54%
H Holly
54%
H Hope
54%
L Lila
54%
N Naomi
54%
N Nina
54%
S Sadie
54%
A Alexandria
53%
A Autumn
53%
D Daniela
53%
D Daniella
53%
E Everlee
53%
J Josie
53%
V Vivienne
53%
A Alanna
52%
A Alyssa
52%
A Aurora
52%
E Eliana
52%
E Elliana
52%
G Georgia
52%
J June
52%
K Kendall
52%
L Lana
52%
M Mackenzie
52%
M Mckenzie
52%
M Mira
52%
M Morgan
52%
A Ariel
51%
A Arielle
51%
B Brianna
51%
L London
51%
L Londyn
51%
M Margot
51%
N Natalia
51%
R Ruth
51%
S Stephanie
51%
S Sydney
51%
A Ada
50%
A Alana
50%
A Aliyah
50%
C Cali
50%
C Callie
50%
C Cameron
50%
C Camryn
50%
C Carolina
50%
D Delilah
50%
E Eden
50%
E Eloise
50%
E Everly
50%
F Faith
50%
F Fiona
50%
F Frances
50%
K Kali
50%
L Lilliana
50%
M Malani
50%
P Paisley
50%
P Piper
50%
S Savannah
50%
S Serena
50%
S Summer
50%
V Veronica
50%
B Bailey
49%
B Briana
49%
B Brooke
49%
E Elise
49%
E Elsie
49%
H Hailey
49%
J Jordan
49%
J Jordyn
49%
L Liliana
49%
M Melody
49%
P Paris
49%
S Sabrina
49%
S Selena
49%
A Adriana
48%
E Esme
48%
H Hazel
48%
P Payton
48%
P Peyton
48%
Q Quinn
48%
S Sienna
48%
V Valerie
48%
E Emery
47%
E Emory
47%
H Helena
47%
L Lucille
47%
M Maisie
47%
J Julianna
46%
M Macie
46%
M Mariana
46%
N Nova
46%
P Parker
46%
C Camille
45%
C Cecelia
45%
H Hallie
45%
J Joanna
45%
J Joy
45%
P Paige
45%
V Vera
45%
Z Zara
45%
A Adelaide
44%
A Alina
44%
A Ariella
44%
A Athena
44%
E Elianna
44%
H Harley
44%
K Kennedy
44%
M Mabel
44%
B Brielle
43%
R Raegan
43%
R Reagan
43%
W Willa
43%
C Carmen
42%
C Cassidy
42%
D Dahlia
42%
F Francesca
42%
A Adeline
41%
D Destiny
41%
E Emersyn
41%
K Kaylee
41%
R Rosalie
41%
V Valentina
41%
A Anastasia
40%
O Ophelia
40%
T Trinity
40%
V Valeria
40%
B Bianca
39%
E Ember
39%
F Freya
39%
G Gemma
39%
R River
39%
S Serenity
39%
S Skylar
39%
W Winter
39%
W Wynter
39%
E Evangeline
38%
F Felicity
38%
G Genevieve
38%
G Gracelyn
38%
G Gracelynn
38%
H Harmony
38%
N Nevaeh
38%
R Reese
38%
S Saige
38%
T Talia
38%
T Thea
38%
A Amaya
37%
A Arabella
37%
C Cecilia
37%
D Daphne
37%
J Juniper
37%
L Leilani
37%
P Poppy
37%
A Amara
36%
C Celeste
36%
D Dakota
36%
H Heidi
36%
M Maeve
36%
M Makayla
36%
N Nadia
36%
S Sage
36%
T Tessa
36%
A Adalyn
35%
B Blake
35%
E Emerson
35%
K Kinsley
35%
L Logan
35%
L Lorelai
35%
L Lorelei
35%
M Marlee
35%
M Marley
35%
A Ayla
34%
B Briella
34%
H Hadley
34%
H Harlow
34%
H Haven
34%
M Malia
34%
N Noelle
34%
R Regina
34%
A Amina
33%
G Genesis
33%
J Jocelyn
33%
M Matilda
33%
M Miriam
33%
A Alma
32%
A Anya
32%
W Wren
32%
B Blair
31%
D Dorothy
31%
L Luciana
31%
M Makenna
31%
R Rosemary
31%
C Celine
30%
D Danna
30%
G Gwendolyn
30%
H Hayden
30%
J Jayla
30%
J Jimena
30%
L Liana
30%
P Presley
30%
R Remi
30%
S Sylvia
30%
X Ximena
30%
J Juliana
29%
K Kaia
29%
M Mariah
29%
R Rory
29%
A Adelyn
28%
A Adelynn
28%
A Alaia
28%
A Amari
28%
M McKenna
28%
R Rowan
28%
S Skye
28%
S Sloane
28%
T Teagan
28%
A Alaya
27%
A Amira
27%
A Amirah
27%
B Brynn
27%
D Demi
27%
F Fatima
27%
K Kiara
27%
N Noa
27%
O Oaklee
27%
O Oakley
27%
V Viviana
27%
A Alessandra
26%
A Aspen
26%
J Julieta
26%
O Octavia
26%
R Raven
26%
A Aisha
25%
A Alaina
25%
A Alayna
25%
E Esmeralda
25%
H Hattie
25%
K Kira
25%
M Melanie
25%
R Raelynn
25%
S Sawyer
25%
B Blakely
24%
G Giselle
24%
M Mallory
24%
R Raelyn
24%
A Alessia
23%
A Aurelia
23%
F Faye
23%
L Leia
23%
L Leighton
23%
L Lennon
23%
P Phoenix
23%
R Raya
23%
S Saylor
23%
A Astrid
22%
D Delaney
22%
F Finley
22%
J Journee
22%
J Journey
22%
K Katalina
22%
L Lilith
22%
N Nyla
22%
N Nylah
22%
A Adalynn
21%
A Adelina
21%
B Brinley
21%
C Catalina
21%
M Magnolia
21%
S Samara
21%
T Tatum
21%
Z Zuri
21%
A Anaya
20%
A Armani
20%
E Elaine
20%
K Kailani
20%
S Sylvie
20%
B Brynlee
19%
L Lyra
19%
M Madelyn
19%
M Madilyn
19%
M Miley
19%
O Oaklynn
19%
O Opal
19%
S Shiloh
19%
S Sutton
19%
C Cataleya
18%
D Dream
18%
S Stevie
18%
A Annalise
17%
A Azalea
17%
C Colette
17%
L Lainey
17%
R Remington
17%
C Collins
16%
H Haisley
16%
W Wrenley
16%
A Alora
15%
C Calliope
15%
K Kalani
15%
K Kehlani
15%
M Meadow
15%
M Miracle
15%
A Alani
14%
E Elaina
14%
M Milani
14%
R Reign
14%
Z Zariah
14%
A Aniyah
13%
A Aylin
13%
D Daleyza
12%
M Maryam
12%
P Palmer
12%
R Rylee
12%
S Sarai
12%
S Selah
12%
A Aitana
11%
A Amiyah
11%
A Antonella
11%
F Fernanda
10%
R Renata
10%
S Sunny
10%
A Amora
9%
A Anahi
9%
N Navy
9%
N Nayeli
9%
S Salem
9%
X Xiomara
9%
I Imani
8%
I Itzel
8%
K Kaylani
8%
A Alayah
2%
A Ariyah
1%
D Dayana
1%
E Elora
1%
No matching quizzes found
Score Distribution
Percent of People with Each Score
Percentile by Number Answered
Your Score History
You have not taken this quiz